| 000 | 00737nam a22001937a 4500 | ||
|---|---|---|---|
| 999 |
_c181541 _d181541 |
||
| 005 | 20210923152233.0 | ||
| 010 | _aENG-129949 | ||
| 020 |
_a978-93-8999-149-9 _c3250.00 |
||
| 035 | _aEN-113481 | ||
| 037 | _bDBAD/PUB | ||
| 082 | _a344.540545 | ||
| 100 | _aBarowalia,J N | ||
| 245 |
_aCommentary on the Narcotic Drugs & Psychotropic Substances act with latest case law/: _cby J N Barowalia,Abhishek Barowalia |
||
| 260 |
_bLexis Nexis _aIndia _c2021 |
||
| 270 |
_bGurgaon _e122002 _a14th Floor , Building No 10, Tower-B, DLF Cyber City, phase -ll _k+91 124 4774444 _l+91 124 4774100 _mhelp.in@lexisnexis.com |
||
| 300 |
_alxxviii,1728p. _c25cm(hbk) |
||
| 700 | _aBarowalia,Abhshek | ||
| 942 |
_2ddc _cEN _h344.540545 _mBAR |
||